00265nam a2200121Ia 45000030006000000080041000060400015000471000010000622450033000722600009001055460012001140050017001260STCL150530s9999 xx 000 0 und d aSTCLcSTCL aIbsen aIbsen Ghosts and other plays c1969 aEnglish20220125171008.0